Aplicacion de la bomba de calor por compresion mecanica y de la energia solar en el secado de arroz / Jose Martin Cruz Gomez (Registro nro. 18145)
[ vista simple ]
| 000 -LÍDER | |
|---|---|
| fixed length control field | 00540nam a2200133 4500 |
| 008 - ELEMENTOS DE LONGITUD FIJA -- INFORMACIÓN GENERAL | |
| fixed length control field | 0 1998 0a 000 0MEX |
| 050 ## - SIGNATURA TOPOGRAFICA DE LA BIBLIOTECA DEL CONGRESO (LC) | |
| Número de Clasificación | TK153 T4 C955 1998 |
| 082 ## - NUMERO DE CLASIFICACION DECIMAL DEWEY | |
| Número de Clasificación | 621.67 C263a |
| 100 ## - ASIENTO PRINCIPAL--NOMBRE PERSONAL | |
| Nombre personal | Cruz Gomez, Jose Martin |
| 245 ## - TÍTULO | |
| Título | Aplicacion de la bomba de calor por compresion mecanica y de la energia solar en el secado de arroz / Jose Martin Cruz Gomez |
| 300 ## - DESCRIPCIÓN FÍSICA | |
| Extensión | 101 p. / 23 cm. |
| 502 ## - NOTA DE TESIS | |
| Nota de tesis | Tesis. Opción I. I.T. Z. (ElectroMecánica) Dr. Jose Ramon Herrera Velarde |
| 650 ## - ASIENTO SECUNDARIO DE MATERIA - TERMINO TEMÁTICO | |
| Término temático o nombre geográfico como elemento de entrada | 1.BOMBAS DE CALOR \ 2.COLECTORES SOLARES |
| No. biblioteca | No. biblioteca | Número de clasificación | Código de barras/Número de adquisición | Número de copia | Tipo de material |
|---|---|---|---|---|---|
| TESIS ELECTROMECÁNICA | TESIS ELECTROMECÁNICA | 621.67 C263a | E95-1998 | 1 | Tesis |
